<?xml version="1.0" encoding="UTF-8"?><?xml-stylesheet type="text/xsl" href="static/style.xsl"?><OAI-PMH xmlns="http://www.openarchives.org/OAI/2.0/" xmlns:xsi="http://www.w3.org/2001/XMLSchema-instance" xsi:schemaLocation="http://www.openarchives.org/OAI/2.0/ http://www.openarchives.org/OAI/2.0/OAI-PMH.xsd"><responseDate>2026-06-03T05:27:11Z</responseDate><request verb="GetRecord" identifier="oai:riuma.uma.es:10630/15490" metadataPrefix="marc">https://riuma.uma.es/rest/oai/request</request><GetRecord><record><header><identifier>oai:riuma.uma.es:10630/15490</identifier><datestamp>2026-02-03T11:51:20Z</datestamp><setSpec>com_10630_2254</setSpec><setSpec>col_10630_37959</setSpec></header><metadata><record xmlns="http://www.loc.gov/MARC21/slim" xmlns:dcterms="http://purl.org/dc/terms/" xmlns:doc="http://www.lyncode.com/xoai" xmlns:xsi="http://www.w3.org/2001/XMLSchema-instance" xsi:schemaLocation="http://www.loc.gov/MARC21/slim http://www.loc.gov/standards/marcxml/schema/MARC21slim.xsd">
   <leader>00925njm 22002777a 4500</leader>
   <datafield ind2=" " ind1=" " tag="042">
      <subfield code="a">dc</subfield>
   </datafield>
   <datafield ind2=" " ind1=" " tag="720">
      <subfield code="a">Vega-Mancera, Felipe</subfield>
      <subfield code="e">author</subfield>
   </datafield>
   <datafield ind2=" " ind1=" " tag="260">
      <subfield code="c">2018-03-23</subfield>
   </datafield>
   <datafield ind2=" " ind1=" " tag="520">
      <subfield code="a">La presente comunicación pretende describir y valorar críticamente los cambios producidos en fechas recientes en el Programa CaixaProInfancia de la Obra Social de la Caixa; posiblemente uno de los más ambiciosos programas socio-educativos dependientes de entes privados. Aun cuando suponemos que este programa es ampliamente conocido por la mayoría de los participantes del Congreso, realizaremos una presentación resumida de sus características y dimensiones, para fijarnos con más detalle en el giro estratégico que está suponiendo la introducción de la filosofía y metodología del Trabajo en Red. Así mismo avanzaremos algunos resultados procedentes de la evaluación de los Proyectos Piloto.</subfield>
   </datafield>
   <datafield ind1="8" ind2=" " tag="024">
      <subfield code="a">https://hdl.handle.net/10630/15490</subfield>
   </datafield>
   <datafield tag="653" ind2=" " ind1=" ">
      <subfield code="a">Educación</subfield>
   </datafield>
   <datafield tag="653" ind2=" " ind1=" ">
      <subfield code="a">Niños - Pobreza</subfield>
   </datafield>
   <datafield ind2="0" ind1="0" tag="245">
      <subfield code="a">Buenas prácticas en el tercer sector, cuidando la infancia, desarrollando ciudadanía: Giro estratégico en el Programa Caixa-Pro-Infancia de la Obra Social de la Caixa.</subfield>
   </datafield>
</record>
</metadata></record></GetRecord></OAI-PMH>